00862cam a2200277 a 45000010009000000050017000090080041000260100017000670200026000840200030001100350022001400400018001620430012001800500022001921000030002142450068002442500012003122600044003243000042003686500042004106500041004526500014004936500016005077000033005237000028005561327779320170310151401.0030716s2005 mau a 000 0 eng  a 2003110108 a0618372296 (lib. ed.) a061837230X (student text) a(DLC) 2003110108 aDLCcDLCdDLC an-us---00aHD70.U5bP68 20051 aPride, William M.,d1942-10aBusiness /cWilliam M. Pride, Robert J. Hughes, Jack R. Kapoor. a8th ed. aBoston :bHoughton Mifflin Co.,cc2005. axxxii, 667, [95] p. :bill. ;c28 cm. 0aIndustrial managementzUnited States. 0aBusiness enterpriseszUnited States. 0aBusiness. 0aManagement.1 aHughes, Robert James,d1946-1 aKapoor, Jack R.,d1937-